Súria en moviment : 5a Setmana Jove 5a Setmana Jove
Descripción Física:
[6] p. ; 21 cm
Materias:
Esports -- Súria
MARC
| LEADER | 00000nam a2200000Ia 4500 | ||
|---|---|---|---|
| 001 | 22567 | ||
| 008 | 160829s1992 xx 000 0 cat d | ||
| 080 | |a FU-56-20 | ||
| 245 | |a Súria en moviment : |b 5a Setmana Jove | ||
| 260 | |a Súria : |b Ajuntament de Súria ; Barcelona : |b Diputació de Barcelona, |c 1992 | ||
| 300 | |a [6] p. ; |c 21 cm | ||
| 590 | |a Del 18 al 28 de juny de 1992 | ||
| 650 | |a Esports |x Súria |9 44563 | ||
| 710 | 1 | |a Barcelona (Catalunya : Província). |b Diputació |9 52408 | |
| 710 | 1 | |a Súria (Catalunya). |b Ajuntament |9 55219 | |
| 901 | |a Arxiu | ||
| 942 | |n 1 | ||
| 952 | |0 0 |1 0 |4 0 |6 FU5620 |7 1 |9 52007 |a Arxiu |b Arxiu |d 2016-12-01 |l 0 |o FU-56-20 |p 22567 |r 2016-12-01 00:00:00 |w 2016-12-01 |y ARXIU | ||
| 999 | |c 55855 |d 55855 | ||